Kpop Groups - Sudden Death - Statistics

General Stats
  • This quiz has been taken 2,846 times
  • The average score is 11 of 18
Answers on the Grid
Answers color-coded by a green-red scale on the quiz's grid according to % correct below.
Enhypen
BTS
Saja Boys
Stray Kids
V12
Seventeen
Twice
HUNTR/X
ATEEZ
Blackpink
Oneus
SJX
Babymonster
EXO
The Impossible
Mission X
Dreamcatcher
ASTRO
TXT
ACX International
NCT Dream
Redgold
Fifty Fifty
K-IDOL
Checkmate
Young Posse
The ArenaX
GENBLUE
NEVER52
BlueMystical
 
Answer Stats
Answer % Correct
BTS
93%
Enhypen
92%
Blackpink
75%
Seventeen
74%
Stray Kids
73%
Twice
73%
Babymonster
71%
EXO
71%
ATEEZ
70%
TXT
69%
NCT Dream
67%
ASTRO
66%
Dreamcatcher
63%
Fifty Fifty
63%
Oneus
51%
Young Posse
44%
GENBLUE
9%
Checkmate
7%
No matching quizzes found
Score Distribution
Percent of People with Each Score
Percentile by Number Answered
Your Score History
You have not taken this quiz